000 00565nam a22001817a 4500
999 _c194950
_d194950
005 20230202112717.0
010 _aENG-136103
020 _c172.00
035 _aEN-119635
037 _bDBAD/PUB
082 _a270.194
100 _aMaududi, Sayyid Abul A'la
245 _aInterest/
_cMaulana Syed Abul A'la Maududi
260 _aNew Delhi
_bMarkazi Maktaba Islami Publishers
_c2013
270 _aD-307, Dawat Nagar, Abul Fazl Enclave, Jamia Nagar, Okhla
_bNew Delhi
_e110025
300 _a344p.
_c22cm(pbk)
942 _2ddc
_cEN
_h327.7305
_mMAU